| 000 | 01054nam a22002177a 4500 | ||
|---|---|---|---|
| 005 | 20260202144750.0 | ||
| 008 | 250217b ||||| |||| 00| 0 eng d | ||
| 020 | _a9788197595158 | ||
| 040 | _cAL | ||
| 041 | _aEnglish | ||
| 082 |
_223 _a820.33 _bDSOT |
||
| 100 |
_aNa Dsouza _9253549 |
||
| 245 | _aTen houses around a Church | ||
| 260 |
_aMangaluru _bSt Aloysius Prakashana _c2024 |
||
| 300 |
_a296 p. _bPB _c21x14 cm. |
||
| 520 | _aThe book titled ‘Ten Houses around a Church,’ a translated work of Dr Sylvia Rego, Department of English, St Aloysius (Deemed to be University), was released on 6 February 2025 during a Literary Festival, KENSHO, organised by the Department of English, which was published by St Aloysius Prakashana. The book ‘Ten Houses around a Church’ is a translation of a Kannada novel, ‘Igarji Suttalina Hattu Manegalu’ by the renowned writer Na D’Souza. | ||
| 650 |
_aEnglish Fiction _9200233 |
||
| 650 |
_aIgarji Suttalina Hattu Manegalu _9200274 |
||
| 700 |
_aRego, Sylvia Tr _9200234 |
||
| 942 |
_2ddc _cDB |
||
| 999 |
_c233811 _d233811 |
||